|
|
|
|
| LEADER |
00996nam a2200289 a 4500 |
| 001 |
000564753 |
| 003 |
CZ BrMZK |
| 005 |
20080617142119.0 |
| 007 |
ta |
| 008 |
000115s1996 xr cze d |
| 015 |
|
|
|a cnb000205706
|
| 020 |
|
|
|a 80-901861-2-2
|
| 035 |
|
|
|a (OCoLC)35566956
|
| 040 |
|
|
|a BOA001
|b cze
|
| 080 |
|
|
|a 821.162.3-32
|2 MRF
|
| 100 |
1 |
|
|a Vokolek, Václav,
|d 1947-
|7 jn19981002344
|4 aut
|
| 245 |
1 |
0 |
|a Pátým pádem /
|c Václav Vokolek ; [ilustrace Zdeněk Helfert]
|
| 250 |
|
|
|a Vyd. 1.
|
| 260 |
|
|
|a Praha :
|b Triáda,
|c 1996
|
| 300 |
|
|
|a 151 s., [8] s. obr. příl. ;
|c 19 cm
|
| 490 |
1 |
|
|a Delfín ;
|v sv. 3
|
| 655 |
|
7 |
|a české povídky
|7 fd133971
|2 czenas
|
| 830 |
|
0 |
|a Delfín (Triáda)
|0 s
|
| 856 |
4 |
1 |
|u http://www.digitalniknihovna.cz/mzk/uuid/uuid:ff3af410-d4bc-11e2-ac27-005056827e52
|y Digitalizovaný dokument
|x NDK
|
| 910 |
|
|
|a BOA001
|b 1-1087.286
|
| 990 |
|
|
|a BK
|
| 996 |
6 |
|
|b 2610137688
|c 1-1087.286
|l MZK
|r Sklad / do 1 hodiny
|n 5
|p p.v.
|w 000564753
|u 000010
|a 1
|e BOA001
|j MZK50
|s P
|